Представление документа в формате RUSMARC

ПолеНазваниеЗначение
  Тип записи a
  Библиографический уровень m
001 Контрольный номер RU/CBS_UL/BASE/580912554
005 Дата корректировки 20240209174829.1
010 Индекс ISBN __
a ISBN 5-9555-0286-6
d Цена 3 р. 00 к.
9 Тираж 20 000 экз.
100 Данные общей обработки __
a Данные общей обработки 20140109d2014 ||| 0rusy0189 ca
101 Язык документа 0_
a Язык текста rus
102 Страна публикации __
a Страна публикации RU
105 Кодированные данные (монография) __
a Кодированные данные (монография) y###||||000|y
181 Поле кодированных данных: вид содержания _1
a Код вида содержания (ISBD) i#
b Код характеристики содержания (ISBD) #xxe##
d i
g x
h x
i e
2 Код системы (источник кода, отличный от ISBD) isbdcontent
182 Поле кодированных данных: тип средства _1
a Код типа средства (ISBD) n
2 Код системы (источник кода, отличный от ISBD) isbdmedia
200 Заглавие и сведения об ответственности 1_
a Заглавие Басни
b Общее обозначение материала Текст
f Первые сведения об ответственности И. А. Крылов
w Текст (визуальный) : непосредственный
203 Вид содержания и тип средства __
a Вид содержания Текст
b Характеристика содержания визуальный
c Тип средства непосредственный
210 Выходные данные 1_
a Место издания Москва
c Издательство Дрофа-Плюс
d Дата издания 2005
215 Физическое описание __
a Объем 62, [1] с.
c Иллюстрации/тип воспроизводства ил.
d Формат 21 см.
225 Серия 0_
a Серия Внеклассное чтение
300 Общие примечания __
a Общие примечания Под инв. номером 109357: 4-1, 34-1
333 Примечание о целевом назначении __
a Примечание о целевом назначении 6+
606 Тематические рубрики 0_
a Основная рубрика Русская детская литература, 18-19 вв. - Басни
610 Ключевые слова 0_
a Ключевые слова басни
a Ключевые слова классика русская
a Ключевые слова нравоучение
a Ключевые слова мудрость
a Ключевые слова сатира
a Ключевые слова произведения школьной программы
686 Индексы других классификаций __
a Классификационный индекс 84(2Рос=Рус)1
2 Код системы ББК
700 Автор _0
a Фамилия Крылов
b Имя (инициалы) Иван Андреевич
g Полное личное имя И. А.
801 Источник записи _0
a Страна RU
b Организация МБУК ЦБС г. Ульяновска
c Дата составления 20140109
g Правила каталогизации RCR
801 Источник записи _1
a Страна RU
b Организация МБУК ЦБС г. Ульяновска
c Дата составления 20140109
g Правила каталогизации RCR
899 Данные о местонахождении __
i Авторский знак К 85
j Расстановочный фильтр Р1
901 Тип документа __
t Тип документа m
910 Корректоры записи __
a Корректор записи Скрипина